000 01194nam a2200253 a 4500
001 000709545
003 AM-YeHGA
005 20250617142716.0
008 100129s1985 ||| r 000 0 rus d
040 _aAM-YeHGA
041 0 _arus
245 0 0 _aГеодинамика Олекмо-Становой сейсмической зоны /
_cЛ.М. Парфенов, О.В. Гриненко, В.С. Имаев и др.; Отв. ред.: Г.С. Фрадкин; АН СССР, Сиб. отд-ние, Якут. фил., Ин-т геологии.
260 _aЯкутск :
_bЯФ СО АН СССР,
_c1985.
300 _a135 с. :
_bил., карт.
500 _aАвт. указаны в огл.
504 _aБиблиогр.: с. 128-134
653 0 _aГеодинамика
653 0 _aСейсмические районы
700 1 _aПарфенов, Леонид Михайлович
700 1 _aФрадкин, Григорий Семенович
_eред.
_4edt
710 2 _aАкадемия наук СССР
_bСибирское отделение
_bЯкутский филиал
710 2 _aИнcтитут геологии СО АН СССР
090 _c264002
999 _c262380
_d262380